000 00475nam a2200181 i 4500
001 bg
100 1 _aSTANKIEWICZ, Włodzimierz.
245 0 _aZadania z matematyki dla wyższych uczelni technicznych.
_nCz.1 /
_cWłodzimierz Stankiewicz.
250 _aWyd.3.
260 _aWarszawa,
_c1975.
650 9 _aMatematyka
655 _aĆwiczenia i zadania
040 _cBPK
041 _apol
080 _a51(075.8)
942 _cKS
008 s pl f |000 0 pol
999 _c218
_d218
856 _uhttp://koha.tu.koszalin.pl/cgi-bin/koha/opac-detail.pl?biblionumber=218
_yKatalog online BPK